Statistics for Formula 3 Champions

Click here to take the quiz!

General Stats

  • This quiz has been taken 57 times
    (15 since last reset)
  • The average score is 9 of 14

Answer Stats

YearDriverCountry% Correct
2016Charles LeclercMonaco
100%
2017George RussellUnited Kingdom
100%
2015Esteban OconFrance
91%
2011Valtteri BottasFinland
91%
2010Esteban GutiérrezMexico
82%
2020Oscar PiastriAustralia
82%
2013Daniil KvyatRussia
73%
2021Dennis HaugerNorway
73%
2022Victor MartinsFrance
64%
2023Gabriel BortoletoBrazil
55%
2019Robert ShwartzmanRussia
55%
2018Anthoine HubertFrance
36%
2012Mitch EvansNew Zealand
36%
2014Alex LynnUnited Kingdom
9%

Score Distribution

Percentile by Number Answered

Percent of People with Each Score

Your Score History

You have not taken this quiz since the last reset